000 00224nam a22000857a 4500
008 161031b xxu||||| |||| 00| 0 eng d
100 _9992
_aMishra.A.etal
245 _aBasic Science-7
260 _aNew Delhi
_bB.B. Publications
_c2012
999 _c3651
_d3651